Introducción a la citogenética /
Guardado en:
| Autor Principal: | |
|---|---|
| Formato: | Libro |
| Publicado: |
México :
Compa¤ía editorial continental,
1975
|
| Materias: | |
| Etiquetas: |
Agregar Etiqueta
Sin Etiquetas, Sea el primero en etiquetar este registro!
|
| LEADER | 00558nam a22002055a 4500 | ||
|---|---|---|---|
| 001 | CEM.cems016598 | ||
| 005 | 20091207171443.0 | ||
| 008 | 130507s1975##################000#0#####d | ||
| 003 | CEMS | ||
| 082 | 0 | 4 | |a 575.1 |
| 100 | 1 | |a Garber, E D | |
| 245 | 1 | 0 | |a Introducción a la citogenética / |c E D Garber, |
| 260 | |a México : |b Compa¤ía editorial continental, |c 1975 | ||
| 300 | |a 248 p. | ||
| 653 | |a Meiosis | ||
| 653 | |a Genetica | ||
| 653 | |a Euploidia | ||
| 653 | |a Mitosis | ||
| 653 | |a Cromosomas | ||
| 859 | |a CEMS |b BIB. CEMS - Agricultura |h 575.1 |i G163 |p A18174.95 |t Ej.1 | ||
